Statistics for Poker Quiz

Click here to take the quiz!

General Stats

  • This quiz has been taken 226 times
  • The average score is 10 of 15

Answer Stats

QuestionAnswer% Correct
"Rainbow"A flop containing three different suits
88%
"C-bet"Continuation Bet
84%
"Snowmen"A pair of 8's
81%
Winning the World Series of Poker (WSOP) will get you...A bracelet
76%
"Gut Shot"Missing one card that will make a straight
76%
"Big Slick"AK
75%
"Whale"A rich but weak player
75%
"Wheel"A 2 3 4 5
71%
"Bubbleburst" indicates thatAll remaining players are now in the money
71%
"Broadway Cards"High Value Cards
66%
"The Cutoff (CO)"Sits on the right of the Button
63%
"Ten Deuce"Doyle Brunson
62%
A loose player has a high...VPIP
50%
"ICM pressure" applies the mostAt the final table
46%
Which of these alternatives is not an "Angle Shooting"?Lying about your hole cards
46%

Score Distribution

Percentile by Number Answered

Percent of People with Each Score

Your Score History

You have not taken this quiz